000 00431nam a22001577a 4500
005 20240109155538.0
008 190604b xxu||||| |||| 00| 0 eng d
020 _a978-81-85790-43-4
041 _aeng
100 _aBHISE, DR. S.B. YADAV, DR. A.V. AND BURKUL, M.S.
_98360
245 _aANATOMY, PHYSIOLOGY AND HEALTH EDUCATION
250 _a11th, Ed. 2017
260 _aPUNE
_bNIRALI PRAKASHAN
300 _a18.14p,
942 _cBK
999 _c5940
_d5938